[Event "Chalkida op 3rd"]
[Site "Chalkida"]
[Date "1998.08.07"]
[Round "6"]
[White "Gelashvili, Tamaz"]
[Black "Cela, Altin"]
[Result "1/2-1/2"]
[WhiteElo "2510"]
[BlackElo "2450"]
[PlyCount "44"]
[EventDate "1998.08.02"]
[EventType "swiss"]
[EventRounds "9"]
[EventCountry "GRE"]
[SourceTitle "EXT 2004"]
[Source "ChessBase"]
[SourceDate "2003.11.25"]
[SourceVersion "1"]
[SourceVersionDate "2003.11.25"]
[SourceQuality "1"]

1. d4 Nf6 2. Nf3 g6 3. Bg5 Bg7 4. e3 d6 5. Bd3 0-0 6. 0-0 c5 7. c3 Qb6 8. Qc2 Nc6 9. Nbd2 d5 10. dxc5 Qxc5 11. e4 Bg4 12. Bxf6 Bxf6 13. exd5 Qxd5 14. h3 Be6 15. Bc4 Qf5 16. Qxf5 Bxf5 17. Rfe1 Rfd8 18. Ne4 Bg7 19. g4 Bd7 20. Nc5 Na5 21. Bd5 Bc6 22. Bxc6 Nxc6 1/2-1/2

[Event "GRE-chT"]
[Site "Poros"]
[Date "1998.04.26"]
[Round "9"]
[White "Cela, Altin"]
[Black "Mastrovasilis, Dimitrios"]
[Result "1-0"]
[WhiteElo "2445"]
[BlackElo "2280"]
[PlyCount "65"]
[EventDate "1998.??.??"]
[EventType "team"]
[EventRounds "9"]
[EventCountry "GRE"]
[SourceTitle "EXT 1999"]
[Source "ChessBase"]
[SourceDate "1998.11.16"]
[SourceVersion "1"]
[SourceVersionDate "1998.11.16"]
[SourceQuality "1"]

1. d4 Nf6 2. g3 d5 3. Bg2 Bf5 4. Nh3 Bxh3 5. Bxh3 e6 6. 0-0 Nbd7 7. Bg2 c6 8. c3 Bd6 9. f3 h5 10. e4 h4 11. e5 Nxe5 12. dxe5 Qb6+ 13. Kh1 hxg3 14. h3 Bxe5 15. f4 Bd6 16. Qe2 0-0-0 17. Be3 Qc7 18. Nd2 Rh4 19. Nf3 Rxf4 20. Bxf4 Bxf4 21. Nd4 g5 22. Bf3 Qd7 23. Kg2 Rh8 24. Rh1 Rh4 25. Rad1 e5 26. Nc2 e4 27. Bg4 Nxg4 28. hxg4 Rxg4 29. Rdf1 Kc7 30. Rh7 Qf5 31. Rxf7+ Qxf7 32. Qxg4 e3 33. Qxg5 1-0

[Event "GRE-chT"]
[Site "Poros"]
[Date "1998.04.24"]
[Round "7"]
[White "Cela, Altin"]
[Black "Karanikolas, Konstantinos"]
[Result "1-0"]
[WhiteElo "2445"]
[BlackElo "2270"]
[PlyCount "104"]
[EventDate "1998.??.??"]
[EventType "team"]
[EventRounds "9"]
[EventCountry "GRE"]
[SourceTitle "EXT 1999"]
[Source "ChessBase"]
[SourceDate "1998.11.16"]
[SourceVersion "1"]
[SourceVersionDate "1998.11.16"]
[SourceQuality "1"]

1. e4 c5 2. Nc3 Nc6 3. g3 g6 4. Bg2 Bg7 5. Nge2 e6 6. d3 Nge7 7. Be3 d6 8. 0-0 0-0 9. Qd2 Nd4 10. Rae1 Rb8 11. Nc1 b5 12. f4 Bb7 13. Nd1 b4 14. c3 bxc3 15. bxc3 Ndc6 16. e5 dxe5 17. Bxc5 exf4 18. Qxf4 Nd5 19. Qd2 Re8 20. c4 Nb6 21. Ne3 Na4 22. Ba3 Bc3 23. Qf2 f5 24. Rd1 Nd4 25. Nc2 Bxg2 26. Kxg2 Nb2 27. Rde1 Nxc2 28. Qxc2 Qa5 29. Nb3 Qxa3 30. Qxc3 Nxd3 31. Re2 Nc5 32. Rf3 Nxb3 33. axb3 a5 34. Rfe3 a4 35. bxa4 Qxc3 36. Rxc3 Rb4 37. Ra2 Ra8 38. a5 Kf7 39. c5 Ke7 40. a6 Ra7 41. c6 Rb8 42. Kf3 e5 43. h4 Rc8 44. h5 Kd6 45. Rd2+ Ke6 46. Ra2 Kd6 47. Rd3+ Ke6 48. Rd7 Rxd7 49. cxd7 Kxd7 50. a7 Ra8 51. Ra5 Ke6 52. Ra6+ Kd5 1-0

[Event "Ano Liosia op"]
[Site "Athens"]
[Date "1998.01.11"]
[Round "9"]
[White "Nikolaidis, Ioannis"]
[Black "Cela, Altin"]
[Result "1/2-1/2"]
[WhiteElo "2490"]
[BlackElo "2445"]
[PlyCount "86"]
[EventDate "1998.01.03"]
[EventType "swiss"]
[EventRounds "9"]
[EventCountry "GRE"]
[SourceTitle "CBM 062 Extra"]
[Source "ChessBase"]
[SourceDate "1998.03.09"]
[SourceVersion "1"]
[SourceVersionDate "1998.03.09"]
[SourceQuality "1"]

1. d4 Nf6 2. c4 g6 3. Nc3 Bg7 4. Nf3 0-0 5. Bg5 d6 6. e3 Bf5 7. Bd3 Bxd3 8. Qxd3 c6 9. 0-0 h6 10. Bh4 g5 11. Bg3 Nh5 12. Nd2 e5 13. dxe5 dxe5 14. Qe2 f5 15. f3 Nxg3 16. hxg3 Na6 17. g4 f4 18. Nde4 Rf7 19. Rfd1 Qb6 20. Nd6 Rd7 21. Nf5 Rad8 22. Rxd7 Rxd7 23. Kh2 fxe3 24. Rd1 Rxd1 25. Nxd1 Nc5 26. Nxg7 Kxg7 27. Nxe3 Qd8 28. Nf5+ Kf6 29. Qe3 b6 30. b4 Ne6 31. Qe4 Qd7 32. Ng3 Nf4 33. Nh5+ Nxh5 34. gxh5 Qe8 35. g4 Ke6 36. Qf5+ Kd6 37. Qf6+ Qe6 38. Qd8+ Qd7 39. Qf8+ Kc7 40. Qxh6 Qd2+ 41. Kh3 Qf2 42. Qh7+ Kc8 43. Qd3 e4 1/2-1/2